Jump Force: Les personnages jouables - Statistiques

Statistiques générales
  • Ce quiz a été pris 107 fois
  • Le résultat moyen est 31 sur 50
Statistiques - réponses
Licence Personnages % Correct
One Piece Monkey D. Luffy
100%
Roronoa Zoro
100%
Naruto Naruto Uzumaki
96%
Dragon Ball Son Goku
96%
Sasuke Uchiwa
92%
Vegeta
92%
Vinsmoke Sanji
92%
Hunter X Hunter Gon Freecss
87%
Yu-Gi-Oh ! Yugi Moto
86%
Bleach Ichigo Kurosaki
82%
Kakashi Hatake
79%
Nicky Larson Nicky Larson
79%
Freezer
77%
My Hero Academia Izuku Midoriya
77%
Trunks
77%
Kenshin le vagabond Kenshin Himura
76%
Kirua Zoldik
76%
Cell
75%
Madara Uchiwa
75%
Kurapika
73%
Barbe Noire
72%
Katsuki Bakugo
72%
Piccolo
72%
Jojo's Bizarre Adventure Jotaro Kujo
70%
All Might
69%
Shoto Todoroki
69%
Hisoka Morow
66%
Dio Brando
65%
Sabo
62%
Boa Hancock
61%
Les chevaliers du zoodiaque Seiya
59%
Trafalgar Law
59%
Kaguya Otsutsuki
56%
Rukia Kuchiki
54%
Gaara
52%
Boruto Uzumaki
49%
Seto Kaiba
49%
Biscuit Kruger
44%
Dragon Quest Daï
42%
Yu Yu Hakusho Yusuke Urameshi
41%
Ken le survivant Kenshiro
39%
Renji Abarai
35%
Shiryu
31%
Sosuke Aizen
31%
Grimmjow Jaggerjack
27%
Majin Boo
27%
Toshiro Hitsugaya
25%
Toguro Junior
21%
Makoto Shishio
17%
Black Clover Asta
1%
Aucun quiz correspondant
Distribution des résultats
% des personnes avec chaque résultat
Percentile par nombre de réponses
Votre historique - résultats
Vous n’avez pas pris ce quiz